| 000 | 00445nam a22001577a 4500 | ||
|---|---|---|---|
| 020 | _a8178086476 | ||
| 082 |
_a666.893 _bNEV _cN-01, P-89 |
||
| 100 |
_aNeille, A M _944870 |
||
| 245 |
_aConcrete technology _cA.M. Neville/J.J Brooks |
||
| 260 |
_aIndia : _bPearson education, _c1987. |
||
| 300 |
_axiii, 438 p. : _c18 cm |
||
| 526 |
_a0 _b1 _c0 _d666_893000000000000_NEV |
||
| 650 |
_aNUST. _96342 |
||
| 700 |
_aBrooks.J.J _944871 |
||
| 942 |
_2ddc _cBK |
||
| 999 |
_c548522 _d548522 |
||